Design and simulation of 3G AMR speech codec / (Record no. 182677)

000 -LEADER
fixed length control field 00754 a2200193 4500
003 - CONTROL NUMBER IDENTIFIER
control field NUST
005 - DATE AND TIME OF LATEST TRANSACTION
control field 20251111180020.0
040 ## - CATALOGING SOURCE
Transcribing agency Nust
082 ## - DEWEY DECIMAL CLASSIFICATION NUMBER
Classification number 621.382,MAS
100 ## - MAIN ENTRY--PERSONAL NAME
Personal name Masood , NC Abdullah (TCC-10)
9 (RLIN) 131812
245 ## - TITLE STATEMENT
Title Design and simulation of 3G AMR speech codec /
Statement of responsibility, etc. NC Abdullah Masood, NC Shahzad Riasat, PC Maryam Shabbir, PC Nida Baig, PC Adeel Tufail and GC Muzammil Riaz.
260 ## - PUBLICATION, DISTRIBUTION, ETC.
Place of publication, distribution, etc. Rawalpindi
Name of publisher, distributor, etc. MCS (NUST)
Date of publication, distribution, etc. 2002
300 ## - PHYSICAL DESCRIPTION
Extent 97 p.;
505 ## - FORMATTED CONTENTS NOTE
Formatted contents note Introduction (Page-4), Problem Definition (Page-14), Transcoder (Page-20), Voice Activity Detector (Page-62),Results and Conclusion (Page-77).
650 ## - SUBJECT ADDED ENTRY--TOPICAL TERM
Topical term or geographic name entry element UG EE Projects
651 ## - SUBJECT ADDED ENTRY--GEOGRAPHIC NAME
Geographic name TCC-10
9 (RLIN) 131808
700 ## - ADDED ENTRY--PERSONAL NAME
Personal name Supervisor by Lec Aamir Masood Khan
9 (RLIN) 131813
942 ## - ADDED ENTRY ELEMENTS (KOHA)
Koha item type Project Report
Source of classification or shelving scheme
Holdings
Withdrawn status Lost status Source of classification or shelving scheme Damaged status Not for loan Permanent Location Current Location Shelving location Date acquired Full call number Barcode Date last seen Price effective from Koha item type Public note
          Military College of Signals (MCS) Military College of Signals (MCS) Reference 12/12/2016 621.382,MAS MCSPTC-34 12/08/2016 12/12/2016 Project Report Almirah No. 94, Shelf No. 1
© 2023 Central Library, National University of Sciences and Technology. All Rights Reserved.